[Event "IECC M email"]
[Site "IECC email"]
[Date "1998.03.30"]
[Round "?"]
[White "Maslowski, Peter"]
[Black "Matthias, Steve"]
[Result "0-1"]
[WhiteElo "962"]
[BlackElo "1005"]
[PlyCount "34"]
[EventDate "1998.??.??"]
[EventType "tourn (corr)"]
[EventRounds "12"]
[SourceTitle "Corr 2008"]
[Source "ChessBase"]
[SourceDate "2008.06.24"]
[SourceVersion "1"]
[SourceVersionDate "2008.06.24"]
[SourceQuality "1"]

1. e4 c5 2. Nc3 Nf6 3. Bc4 e6 4. Nf3 d5 5. exd5 exd5 6. Bb5+ Bd7 7. d4 c4 8. 0-0 Bd6 9. Bg5 0-0 10. Bxf6 gxf6 11. Bxd7 Qxd7 12. Nxd5 Bxh2+ 13. Nxh2 Qxd5 14. b3 Nc6 15. Ng4 Kg7 16. Ne3 Qxd4 17. Nf5+ Kg6 0-1

[Event "IECC M email"]
[Site "IECC email"]
[Date "1998.03.30"]
[Round "?"]
[White "Maslowski, Peter"]
[Black "Rosenau, Gareth W"]
[Result "0-1"]
[WhiteElo "976"]
[BlackElo "1016"]
[PlyCount "50"]
[EventDate "1998.??.??"]
[EventType "tourn (corr)"]
[EventRounds "12"]
[SourceTitle "Corr 2008"]
[Source "ChessBase"]
[SourceDate "2008.06.24"]
[SourceVersion "1"]
[SourceVersionDate "2008.06.24"]
[SourceQuality "1"]

1. e4 e5 2. Nf3 Nc6 3. Nc3 Bc5 4. Bc4 Nf6 5. Ng5 0-0 6. Nxf7 Rxf7 7. Bxf7+ Kxf7 8. 0-0 d6 9. d3 Be6 10. Bg5 h6 11. Bxf6 Qxf6 12. Nb5 Rc8 13. c3 a6 14. Na3 Kg8 15. b4 Bb6 16. Nc2 Rd8 17. a4 Rf8 18. d4 exd4 19. a5 Ba7 20. c4 Bxc4 21. Re1 d3 22. Ne3 Qxf2+ 23. Kh1 Bxe3 24. Rc1 Bxc1 25. Qxc1 d2 0-1